00576nam a22001817a 450000500170000001000150001702000260003203500140005803700130007208200160008510000200010124501000012126000350022127000410025630000280029750000500032570000190037520170418172209.0 aENG-117859 a9788186307793c325.00 aEN-101391 bDBAD/PUB a305.8095451 aBorgohain,Sunny aEthic conflict in Assam : cby Sunny Borgohain [and] Samrat SinhabGaro-Rabha ethnic violence / aGuwahatibDVS Publishersc2014 aH.B. Road PanbazarbGuwahatie781001 a100p. :c22cm(Hb)bill. aIncludes bibliographical references and index aSinha, Samrat